| Tag |
First Indicator |
Second Indicator |
Subfields |
| LEADER |
00000cam a2200000 i 4500 |
| 001 |
in00000816539 |
| 005 |
20151017114143.0 |
| 008 |
800111s1979 dcua b f00110 eng d |
| 010 |
|
|
|a gp 80013411
|
| 020 |
|
|
|c pbk.
|
| 035 |
|
|
|a (OCoLC)05879825
|
| 035 |
|
|
|9 ADU6104AM
|
| 037 |
|
|
|b 20250
|
| 040 |
|
|
|a KUK
|c KUK
|d GPO
|d UtOrBLW
|
| 043 |
|
|
|a n-us-nm
|
| 074 |
|
|
|a 120
|
| 086 |
0 |
|
|a A 57.2:D 45
|
| 100 |
1 |
|
|a Gile, Leland H.
|
| 245 |
1 |
4 |
|a The Desert Project soil monograph :
|b soils and landscapes of a desert region astride the Rio Grande Valley, near Las Cruces, New Mexico /
|c Leland H. Gile and Robert B. Grossman.
|
| 264 |
|
1 |
|a [Washington] :
|b Dept. of Agriculture, Soil Conservation Service,
|c 1979.
|
| 300 |
|
|
|a x, 984 pages :
|b illustrations, maps ;
|c 26 cm.
|
| 336 |
|
|
|a text
|b txt
|2 rdacontent
|
| 337 |
|
|
|a unmediated
|b n
|2 rdamedia
|
| 338 |
|
|
|a volume
|b nc
|2 rdacarrier
|
| 500 |
|
|
|a Includes index.
|
| 500 |
|
|
|a Issued Oct. 1979.
|
| 504 |
|
|
|a Bibliography: pages 705-712.
|
| 650 |
|
0 |
|a Desert ecology
|z New Mexico.
|
| 650 |
|
0 |
|a Desert soils
|z New Mexico.
|
| 651 |
|
0 |
|a Rio Grande Valley (Colo.-Mexico and Tex.)
|
| 700 |
1 |
|
|a Grossman, Robert Bruce,
|d 1931-
|
| 710 |
1 |
|
|a United States.
|b Soil Conservation Service.
|
| 999 |
|
|
|a MARS
|
| 999 |
f |
f |
|s cf567eb6-d312-34c4-b45c-8443c0e940a5
|i 76b86aec-9319-3a7e-a97f-308d8790ff37
|t 0
|
| 952 |
f |
f |
|p normal
|a Texas A&M University
|b College Station
|c Sterling C. Evans Library
|d Evans: US Documents (Annex 5th floor)
|t 0
|e A 57.2:D 45
|h Superintendent of Documents classification
|i unmediated -- volume
|m A14812524774
|
| 998 |
f |
f |
|a A 57.2:D 45
|t 0
|l Evans: US Documents (Annex 5th floor)
|